LEADER 02751nam 2200661Ia 450 001 9910451022503321 005 20200520144314.0 010 $a1-280-84988-6 010 $a9786610849888 010 $a1-55250-287-2 035 $a(CKB)1000000000344042 035 $a(EBL)3248151 035 $a(OCoLC)923767437 035 $a(SSID)ssj0000269274 035 $a(PQKBManifestationID)11219192 035 $a(PQKBTitleCode)TC0000269274 035 $a(PQKBWorkID)10243384 035 $a(PQKB)10555398 035 $a(MiAaPQ)EBC295168 035 $a(OCoLC)ocm44140047 035 $a(CaPaEBR)406020 035 $a(CaBNvSL)slc00209563 035 $a(MiAaPQ)EBC3248151 035 $a(Au-PeEL)EBL295168 035 $a(CaPaEBR)ebr10176385 035 $a(CaONFJC)MIL84988 035 $a(OCoLC)70192695 035 $a(EXLCZ)991000000000344042 100 $a20000530d2000 uy 0 101 0 $aeng 135 $aurcn||||||||| 181 $ctxt 182 $cc 183 $acr 200 00$aWater balances in the Eastern Mediterranean$b[electronic resource] /$fedited by David B. Brooks and Ozay Mehmet 210 $aOttawa $cInternational Development Research Centre$d2000 215 $a1 online resource (188 p.) 300 $a"January 2000"--T.p. verso. 311 $a0-88936-907-0 320 $aIncludes bibliographical references. 327 $aContents; Acknowledgments; Executive Summary; Chapter 1 Keynote Address: Access to water in the Eastern Mediterranean; Chapter 2 Assessing Lebanon's Water Balance; Chapter 3 Evaluating Water Balances in Israel; Chapter 4 Water Balances in Palestine: Numbers and Political Culture in the Middle East; Chapter 5 Evaluating Water Balances in Jordan; Chapter 6 Turkey's Water Potential and the Southeast Anatolia Project; Chapter 7 Transporting Water by Tanker from Turkey to North Cyprus: Costs and Pricing Policies 327 $aChapter 8 Trends in Transboundary Water Resources: Lessons for Cooperative Projects in the Middle East Conclusion: Summary of Consensus from the Workshop Participants; Appendix 1 Contributing Authors; Appendix 2 Acronyms and Abbreviations 606 $aWater resources development$zMiddle East 606 $aWater balance (Hydrology)$zMiddle East 608 $aElectronic books. 615 0$aWater resources development 615 0$aWater balance (Hydrology) 676 $a551.48 701 $aBrooks$b David B$0128383 701 $aMehmet$b Ozay$0252628 712 02$aInternational Development Research Centre (Canada) 801 0$bMiAaPQ 801 1$bMiAaPQ 801 2$bMiAaPQ 906 $aBOOK 912 $a9910451022503321 996 $aWater balances in the Eastern Mediterranean$92236769 997 $aUNINA LEADER 03075nam 2200565 450 001 9910809234703321 005 20230803203233.0 010 $a1-59332-774-9 035 $a(CKB)3710000000134498 035 $a(SSID)ssj0001223775 035 $a(PQKBManifestationID)11749672 035 $a(PQKBTitleCode)TC0001223775 035 $a(PQKBWorkID)11260649 035 $a(PQKB)11669431 035 $a(MiAaPQ)EBC1718244 035 $a(Au-PeEL)EBL1718244 035 $a(CaPaEBR)ebr10887970 035 $a(OCoLC)881887726 035 $a(EXLCZ)993710000000134498 100 $a20140711h20142014 uy 0 101 0 $aeng 135 $aurcnu|||||||| 181 $ctxt 182 $cc 183 $acr 200 10$aAccountability by camera $eonline video's effects on police-civilian interactions /$fDouglas A. Kelly 210 1$aEl Paso, Texas :$cLFB Scholarly Publishing LLC,$d2014. 210 4$dİ2014 215 $a1 online resource (317 pages) 225 1 $aCriminal Justice : Recent Scholarship 300 $aBibliographic Level Mode of Issuance: Monograph 311 $a1-59332-757-9 320 $aIncludes bibliographical references and index. 327 $aDedication -- Acknowledgments -- Introduction -- Context and precedents -- Police-civilian interaction and photography -- Relevant legal issues -- Adoption of photographic technology, 1839-1979 -- Adoption of electronic imaging technology, 1929-2010 -- Youtube's significance and operation -- Research plan and process -- Preliminary concepts -- Document search and acquisition procedures -- Generalizing to theory -- Case studies -- Case study I: Santo, Bush, Rivieri, 2007-07-01 -- Case study II: Ismail, Long, Pogan, 2008-07-25 -- Case study III: Hurlbut, smoker, trolley guards, 2009-09-05 -- Case study IV: Vargas et al., Grant, Mehserle, 2009-01-01 -- Case study V: anonymous, Morales, Pigott, 2008-09-24 -- Case study VI: Morris, Monetti, Cobane, 2010-04-17 -- Case study VII: Quodomine, Shariff, 2008-10-26 -- Case study VIII: Hakel, McCarren, Ashton et al., 2005-04-15 -- Case study IX: Glik, Cunniffe et al., 2007-10-01 -- Case study X: Winter, McKenna, Baker et al., 2010-03-04 -- Case study XI: Williams et al., Chapman et al., 2009-08-20 -- Case study XII: Bushwick 32, Nypd, 2007-05-01 -- Case study XIII: ninja636b, Rodriguez, Sousa, 2006-09-03 -- Case study xiv: Graber, Uhler et al., 2010-03-05 -- Emergent patterns and new theories -- Theory one -- Theory two -- Theory three -- References -- Case citations -- Appendix -- Index. 410 0$aCriminal justice (LFB Scholarly Publishing LLC) 606 $aPolice-community relations 606 $aImaging systems 606 $aVideo recordings 615 0$aPolice-community relations. 615 0$aImaging systems. 615 0$aVideo recordings. 676 $a363.2/3 700 $aKelly$b Douglas A.$f1963-$01613318 801 0$bMiAaPQ 801 1$bMiAaPQ 801 2$bMiAaPQ 906 $aBOOK 912 $a9910809234703321 996 $aAccountability by camera$93942539 997 $aUNINA